Score 0/16 Timer 05:00
7 Plays Today
% Correct
Selma's Adoption Application
94.1%
Lisa's Christmas List
93.4%
Love Letter on Back
of Brewery Postcard
93%
MacGyver's Plea for Help
92.8%
Homer's Lunch
92.2%
Homer's To-Do List
91.7%
Note from Mr. Bergstrom
91.7%
Bart's Soul
90.7%
% Correct
Marge's Note to Bart's
89.2%
List of Toy Ideas
89.2%
Emergency Procedures
88.3%
Sideshow Bob's To-Do List
88.3%
Awkward Conversation Notes
88.1%
List of Fighting Hellfish
86.9%
Votes for Class President
86.8%
Beach House
Refrigerator Instructions
75.3%
Come Together.
Have Fun.
All Virtual.
We all need to come together. Play Sporcle's virtual live trivia to have fun, connect with people, and get your trivia on. Join a live hosted trivia game for your favorite pub trivia experience done virtually. If a virtual private party is more your thing, go here for details.

You're not logged in!

Compare scores with friends on all Sporcle quizzes.
OR
Log In

Sporcle TV

Today on Sporcle TV


Watch our educational content, quiz creation guides, and fun videos on Sporcle TV.

Show Comments

Extras

Top Quizzes Today


Score Distribution

Paid Content

Your Account Isn't Verified!

In order to create a playlist on Sporcle, you need to verify the email address you used during registration. Go to your Sporcle Settings to finish the process.

Report this User

Report this user for behavior that violates our Community Guidelines.

Details: